Tilastot visalle Viisi aakkosissa viimeistä valtiota maanosittain

Klikkaa tästä pelataksesi tätä visaa!

Yleistilastot

  • Tätä visaa on pelattu 624 kertaa
  • Keskiarvotulos 21 / 30

Vastaustilastot

maanosavaltio% Oikein
Pohjois-AmerikkaYhdysvallat
86%
AfrikkaZimbabwe
86%
EurooppaVenäjä
83%
Etelä-AmerikkaVenezuela
83%
Etelä-AmerikkaUruguay
81%
OseaniaVanuatu
80%
EurooppaVatikaanivaltio
80%
EurooppaViro
78%
Etelä-AmerikkaParaguay
77%
OseaniaTuvalu
77%
Etelä-AmerikkaPeru
74%
EurooppaValko-Venäjä
74%
OseaniaUusi-Seelanti
73%
AfrikkaUganda
70%
OseaniaTonga
69%
AasiaVietnam
68%
EurooppaYhdistynyt kuningaskunta
68%
Etelä-AmerikkaSuriname
67%
AasiaUzbekistan
67%
OseaniaSamoa
66%
Pohjois-AmerikkaTrinidad ja Tobago
62%
AasiaTurkmenistan
62%
Pohjois-AmerikkaSaint Lucia
60%
Pohjois-AmerikkaSaint Vincent ja Grenadiinit
60%
AfrikkaTogo
60%
Pohjois-AmerikkaSaint Kitts ja Nevis
59%
AasiaTurkki
58%
AasiaYhdistyneet arabiemiirikunnat
58%
AfrikkaTunisia
54%
AfrikkaTšad
50%

Tulosjakauma

Persentiili vastausten määrän mukaan

Jokaisen tuloksen saaneiden osuus

Tuloshistoriasi

Et ole pelannut tätä visaa